00664nam a2200241 a 4500001001300000003000900013005001700022008004100039020001000080082001900090100001900109245003300128260003400161300000900195500003500204505001000239650002200249700001900271902000800290942000700298952010000305999001700405nice12345678IN_TiNIC20260116013542.0050524s1948 lona grp 000 0 eng  ac10000a220.52042bMOF aMoffatt, James aNew Translation of the Bible aLondonbSt.Paul`s Housec1948 a329p aincludes index and biblioraphy2 aIndex aBible-Translation1 aMoffatt, James bSRS cBK 00104070aHMIbHMId2007-06-21g100.00l0o220.52042 MOFp16490r2007-06-21w2026-01-16yARB c11439d11439